00942nam a2200277Ia 450000500170000000800410001702000180005802000150007604100080009108200170009910000370011624500950015325000180024830000250026649000270029150000530031865000520037165000630042394200120048626400280049833600270052633700330055333800280058604000350061499900150064920220317001746.0170328s2016 c g 000 0 s  a9789584202796 a9584202790 aspa04a364.36bS14n1 aSalazar Jaramillo, Alonsod1960-10aNo nacimos pa' semillabla cultura de las bandas juveniles en MedellíncAlonso Salazar J a9a. edición a177 páginasc18 cm aBooket : divulgación aIncluye glosario y datos biográficos del autor142LEMBaPandillaszMedellin (Antioquia, Colombia)142LEMBaDelincuencia juvenilzMedellin (Antioquia, Colombia) 2ddccBK aBogotábPlanetac2016 atextobtxt2rdacontent asin mediaciónbn2rdamedia avolumenbnc2rdacarrier aCO-BoRNBPbspaerdacCO-BoRNBP c7989d7989